Stosunki wschód-zachód struktura-tresc-mechanizmy

Salvato in:
Dettagli Bibliografici
Autore principale: Dobroczynski, Michal
Altri autori: Stefanowicz, Janusz
Natura: Libro
Lingua:polacco
Pubblicazione: Warszawa Panstwowe Wydawnictwo Naukowe 1980
Tags: Aggiungi Tag
Nessun Tag, puoi essere il primo ad aggiungerne!!

MARC

LEADER 00000nam a2200000 4500
001 c140662
005 20041019155319.7
041 0 |a pol 
044 |a PL 
245 1 0 |a Stosunki wschód-zachód  |b struktura-tresc-mechanizmy  |c Michal Dobroczynski, Janusz Stefanowicz 
264 1 |a Warszawa  |b Panstwowe Wydawnictwo Naukowe  |c 1980 
300 |a 274 s. 
100 1 |a Dobroczynski, Michal 
700 1 |a Stefanowicz, Janusz